| 000 | 01076cam a22003374a 4500 | ||
|---|---|---|---|
| 005 | 20260322212057.0 | ||
| 008 | data | ||
| 010 | _a 2002010222 | ||
| 020 | _a9781572308374 | ||
| 020 | _a1572308370 | ||
| 040 |
_aDLC _cDLC _dC#P |
||
| 041 | 0 | 9 | _aeng |
| 042 |
_anlmcopyc _anlmcopyc |
||
| 044 | _9United States | ||
| 050 | 0 | 0 |
_aRJ506.D4 _bB575 2003 |
| 060 | 1 | 0 |
_aWM 207 _bB6163 2003 |
| 082 | 0 | 0 |
_a618.92/895 _221 |
| 245 | 0 | 0 |
_aBipolar disorder in childhood and early adolescence. _cedited by Barbara Geller & Melissa P. DelBello. |
| 260 |
_aNew York : _bGuilford Press, _cc2003. |
||
| 300 |
_ax, 342 p. : _bill. ; _c24 cm. |
||
| 336 |
_atext _btxt _2rdacontent |
||
| 337 |
_aunmediated _bn _2rdamedia |
||
| 338 |
_avolume _bnc _2rdacarrier |
||
| 504 | _aIncludes bibliographical references and index. | ||
| 650 | 1 | 2 |
_aBipolar Disorder _0https://id.nlm.nih.gov/mesh/D001714 |
| 650 | 2 | 2 |
_aAdolescent _0https://id.nlm.nih.gov/mesh/D000293 |
| 650 | 2 | 2 |
_aChild _0https://id.nlm.nih.gov/mesh/D002648 |
| 700 | 1 | _aGeller, Barbara. | |
| 700 | 1 | _aDelBello, Melissa P. | |
| 001 | data | ||
| 999 |
_c1361 _d1361 |
||